Culture Générale - Série 134 - Statistiques

Statistiques générales
  • Ce quiz a été pris 394 fois
  • Le résultat moyen est 6 sur 10
Statistiques - réponses
Question Réponse % Correct
Combien de dés doit lancer un joueur de backgammon pour avancer ses pions ? 2
89%
A Paris, où reposent les cendres de Jean Moulin ? Au Panthéon
88%
Au Japon, à partir de quelle céréale fermentée produit-on le saké ? Riz
86%
En 1990, comment s'appelle "La Petite Sirène" dans le dessin animé ? Ariel
77%
Quelle est la monnaie du Maroc ? Dirham
63%
Qu'y a-t-il sur le dos du blouson de "L'Homme à la moto" d'Edith Piaf ? Aigle
62%
Qui avait "de tout petits tétons" que M. Chevalier tâtait "à tâtons" ? Valentine
42%
Comment s'appelle l'instrument de musique à cordes pincées populaire de Russie ? Balalaika
38%
Quelle est la profession de Marc dans la série télévisée "Marc et Sophie" ? Vétérinaire
29%
En 1969, qui joue le Kid dans le film "Butch Cassidy et le Kid" ? Robert Redford
21%
Aucun quiz correspondant
Distribution des résultats
% des personnes avec chaque résultat
Percentile par nombre de réponses
Votre historique - résultats
Vous n’avez pas pris ce quiz